| 000 | 00713nam a22002297a 4500 | ||
|---|---|---|---|
| 005 | 20170124110114.0 | ||
| 010 | _a840523 | ||
| 020 | _c48.00 | ||
| 035 | _a840523 | ||
| 037 | _bCen Lib/Ret | ||
| 040 |
_aDPL _bEN |
||
| 082 |
_a954.11 _bSIN |
||
| 100 |
_aSinha, S.K. _929741 |
||
| 245 |
_aOperation rescue : _cby S.K.Sinha _bmilitary operations in Jammu & Kashmir 1947-49 / |
||
| 260 |
_bVision Books _aNew Delhi _c1977 |
||
| 270 |
_a36 C, Connaught Place _bNew Delhi _e110001 |
||
| 300 |
_axv,174p. : _c20cm(Hb) _bill. |
||
| 500 | _aIncludes index | ||
| 650 |
_aOperations in Jammu & Kashmir _929742 |
||
| 650 |
_aThe Cease Fire in Jammu & Kashmir _929743 |
||
| 942 |
_2ddc _cEN _h954.11 _mSIN |
||
| 999 |
_c130646 _d130646 |
||